MARC

LEADER 00000nam0a2200000 4500
001 40610
005 20231031013155.0
010 |a 5222021327 
035 |a (RuTPU)RU\TPU\book\41668 
090 |a 40610 
100 |a 20020520d2001 m y0rusy50 ca 
101 0 |a rus 
102 |a RU 
105 |a y j 000zy 
200 1 |a Лучшие рефераты по ценным бумагам  |f Э. Г. Нестерова 
210 |a Ростов-на-Дону  |c Феникс  |d 2001 
215 |a 320 с. 
225 1 |a Банк рефератов 
225 1 |a Зачет в кармане 
300 |a Сост. указан в конце книги. 
610 1 |a экономика 
610 1 |a финансы 
610 1 |a ценные бумаги 
610 1 |a рынок 
610 1 |a портфельное инвестирование 
610 1 |a акции 
610 1 |a фондовые биржи 
610 1 |a стандартные контракты 
610 1 |a рефераты 
610 1 |a учебные пособия 
686 |a У9(2)262.292я7  |v LBC/SL-A  |2 rubbk 
702 1 |a Нестерова  |b Э. Г.  |4 220 
801 1 |a RU  |b 63413507  |c 20020520  |g PSBO 
801 2 |a RU  |b 63413507  |c 20210614  |g PSBO 
942 |c BK